000 01369cai a22002055a 4500
001 L153331
008 110712u2011 xxk g 000 0 eng d
035 _a(Sirsi) u153331
041 0 _aeng
110 2 _aConstruction Project Information Committee
_93694
245 0 0 _aConstruction project information committee
_bpromoting collaborative working within the construction industry
_h[electronic resource]
520 _aCPIC is the Construction Project Information Committee, responsible for providing best practice guidance on the content, form and preparation of construction production information, and making sure this best practice is disseminated throughout the UK construction industry. The Committee is formed from representatives of the major industry institutions including RICS which ensures that the guidance provided has a solid foundation within all branches of the industry. CPIC is involved in developments such as Building Information Modelling ("BIM") and the Unified Classification for the Construction Industry ("Uniclass") which is a classification scheme for the construction industry.
590 _aKA NTK
651 4 _aUnited Kingdom
_y
690 _aProject management
_96261
690 _aBIM
_96219
690 _aProcurement-old
856 4 0 _uhttps://www.cpic.org.uk/en/
_zView the website free of charge at www.cpic.org.uk
942 _n0
999 _c120918
_d120918